Paris Saint-Germain 2017/18 Squad - Statistics

General Stats
  • This quiz has been taken 331 times
    320 since last reset
  • The average score is 15 of 24
Answer Stats
Jersey # Nationality Position Player Name % Correct
10 Brazil LW Neymar Jr.
96%
9 Uruguay ST Edinson Cavani
94%
11 Argentina RW Ángel Di María
91%
6 Italy CM Marco Verratti
86%
5 Brazil CB Marquinhos
86%
2 Brazil CB Thiago Silva
85%
1 Germany GK Kevin Trapp
84%
3 France CB Presnel Kimpembe
80%
29 France ST Kylian Mbappé-Lottin
78%
23 Germany CAM Julian Draxler
77%
12 Belgium RB Thomas Meunier
73%
16 France GK Alphonse Areola
71%
32 Brazil RB Dani Alves
65%
8 Italy CDM Thiago Motta
65%
20 France LB Layvin Kurzawa
58%
7 Brazil RW Lucas Moura
57%
27 Argentina CM Javier Pastore
53%
25 France CM Adrien Rabiot
52%
18 Argentina CAM Giovani Lo Celso
38%
15 Portugal RW Gonçalo Guedes
32%
24 France CM Christopher Nkunku
30%
17 Spain LB Yuri Berchiche
29%
21 France CAM Hatem Ben Arfa
20%
40 France GK Rémy Descamps
6%
No matching quizzes found
Score Distribution
Percent of People with Each Score
Percentile by Number Answered
Your Score History
You have not taken this quiz since the last reset